| Tag |
First Indicator |
Second Indicator |
Subfields |
| LEADER |
00000cam a2200000 a 4500 |
| 001 |
in00000086553 |
| 005 |
20151008064550.0 |
| 008 |
800925s1981 nyua b 00110 engm |
| 010 |
|
|
|a 80024445
|
| 020 |
|
|
|a 047106047X
|
| 035 |
|
|
|a (OCoLC)06861807
|
| 035 |
|
|
|9 AAK4413AM
|
| 040 |
|
|
|a DLC
|c DLC
|d m.c.
|d KUM
|d TXA
|d UtOrBLW
|
| 049 |
|
|
|a TXAM
|c [387774]
|
| 050 |
0 |
0 |
|a RA1216
|b .O35
|
| 060 |
|
0 |
|a QV 600 O33t 1981
|
| 082 |
0 |
|
|a 615.9/00724
|2 19
|
| 100 |
1 |
|
|a O'Flaherty, Ellen J.,
|d 1936-
|
| 245 |
1 |
0 |
|a Toxicants and drugs :
|b kinetics and dynamics /
|c Ellen J. O'Flaherty.
|
| 264 |
|
1 |
|a New York :
|b Wiley,
|c [1981]
|
| 264 |
|
4 |
|c ©1981
|
| 300 |
|
|
|a xvi, 398 pages :
|b illustrations ;
|c 24 cm.
|
| 336 |
|
|
|a text
|b txt
|2 rdacontent
|
| 337 |
|
|
|a unmediated
|b n
|2 rdamedia
|
| 338 |
|
|
|a volume
|b nc
|2 rdacarrier
|
| 500 |
|
|
|a A Wiley-Interscience publication."."
|
| 504 |
|
|
|a Includes bibliographies and index.
|
| 650 |
|
0 |
|a Poisons
|x Metabolism
|x Mathematical models.
|
| 650 |
|
0 |
|a Toxicology
|x Dose-response relationship
|x Mathematical models.
|
| 650 |
|
0 |
|a Pharmacokinetics.
|
| 650 |
|
0 |
|a Toxicology
|x Mathematical models.
|
| 650 |
|
0 |
|a Xenobiotics
|x Metabolism
|x Mathematical models.
|
| 650 |
|
2 |
|a Dose-Response Relationship, Drug.
|
| 650 |
|
2 |
|a Models, Theoretical.
|
| 650 |
|
2 |
|a Pharmacology.
|
| 650 |
|
2 |
|a Poisons
|x pharmacology.
|
| 999 |
|
|
|a MARS
|
| 999 |
f |
f |
|s c6d0d6f8-9f75-3bd2-bf55-62042e90510c
|i f126ba7b-c603-3a5d-8561-63125c44c973
|t 0
|
| 952 |
f |
f |
|p ric
|a Texas A&M University
|b Rellis Campus
|c Joint Library Facility
|d Remote Storage
|t 0
|e RA1216 .O35
|h Library of Congress classification
|i unmediated -- volume
|m A14806228394
|
| 998 |
f |
f |
|a RA1216 .O35
|t 0
|l Remote Storage
|